• 首页
  • 本馆介绍
  • 公告通知
  • 最新文献
  • 馆藏检索
  • 电子资源
  • 读者导购
  • 参考咨询
  • 我的图书馆
  • 登录
  • 详细信息显示
  • 放入我的书架
  • 预约/预借图书
  • 作者相关作品
  • 分类相关作品
  • 丛书相关作品
  • 出版社相关作品

书目信息

  • 表格格式
  • 工作单格式
  • 卡片格式
题名:
彼岸的文学现场
    
 
作者: 戴瑶琴 著
分册:  
出版信息: 广州   暨南大学出版社  2012.12
页数: 198页
开本: 23cm
丛书名:
单 册:
中图分类: I106-53
科图分类:
主题词: 华文文学--文学研究--世界--文集
电子资源:
ISBN: 978-7-5668-0447-1
000 00713nam0 2200241 45
001 1359670077
005 20130529091328.50
010    @a978-7-5668-0447-1@dCNY28.00
100    @a20130513d2012 em y0chiy0121 ea
101 0  @achi
102    @aCN@b440000
105    @ay a 000yy
106    @ar
200 1  @a彼岸的文学现场@ABi An De Wen Xue Xian Chang@f戴瑶琴著@FDai Yao Qin Zhu
210    @a广州@c暨南大学出版社@d2012.12
215    @a198页@d23cm
320    @a有书目
330    @a本书内容包括: 现象; 问题; 作家; 文本。
606 0  @a华文文学@x文学研究@y世界@j文集
690    @aI106-53@v5
701  0 @a戴瑶琴@ADai Yao Qin@f1979-@4著
801    @aCN@bTANGWEI@c20130522
905    @b0832884-89@dI106-53@e197@f6
    
    彼岸的文学现场/戴瑶琴著.-广州:暨南大学出版社,2012.12
    198页;23cm
    
    
    ISBN 978-7-5668-0447-1:CNY28.00
    本书内容包括: 现象; 问题; 作家; 文本。
●
相关链接 在E读中查询图书 在五车中查询图书 在当当中查询图书 在豆瓣中查询图书


正题名:彼岸的文学现场     索取号:I106-53/197         预约/预借

序号 登录号 条形码 馆藏地/架位号 状态 备注
1 0832884   208328843   第一样本阅览室/ [索取号:I106-53/197] 在馆    
2 0832885   208328852   第二借阅区/ [索取号:I106-53/197] 在馆    
3 0832886   208328861   第二借阅区/ [索取号:I106-53/197] 在馆    
4 0832887   208328870   第二借阅区/ [索取号:I106-53/197] 在馆    
5 0832888   208328889   第二借阅区/ [索取号:I106-53/197] 在馆    
6 0832889   208328898   第二借阅区/ [索取号:I106-53/197] 在馆    
唐山师范学院图书馆 欢迎您!
大连网信软件有限公司© 版权所有